000 01330pam a2200373 a 4500
999 _c177
_d177
001 2011044344
003 DLC
005 20190729150824.0
008 111229s2012 mnua d 000 1 eng
010 _a 2011044344
020 _a9781467716260 (paperback)
020 _a146771626X (paperback)
040 _aDLC
_cDLC
_dNjBwBT
042 _alcac
_apcc
082 0 0 _aFIC WIL
_223
091 _aFIC
100 1 _aWilley, Margaret.
_eauthor
245 1 0 _aFour secrets /
_cMargaret Willey ; [illustrations by Bill Hauser].
260 _aMinneapolis :
_bCarolrhoda Lab,
_cc2012.
300 _a227 p. :
_bill. ;
_c20 cm.
520 _aThrough journal entries required by their social worker at a juvenile detention center, middle-schoolers Katie, Nate, and Renata relate how they came to kidnap their tormentor, Chase, a star athlete from the town's most prominent family, who surprisingly became their willing victim.
650 0 _aSecrets
_vFiction.
650 0 _aBest friends
_vFiction.
650 0 _aFriendship
_vFiction.
650 0 _aKidnapping
_vFiction.
650 0 _aBullies
_vFiction.
650 0 _aDiaries
_vFiction.
650 0 _aJuvenile detention homes
_vFiction.
700 1 _aHauser, Bill,
_eillustrator
901 _aBTCLSBT120905E
908 0 0 _aPZ7.W65548
942 _2ddc
_cFIC
945 _a.o1584349X